| 000 | 00645nam a2200193 4500 | ||
|---|---|---|---|
| 001 | 109778 | ||
| 003 | ES-MaACL | ||
| 005 | 20230906184917.0 | ||
| 007 | t| | ||
| 008 | 061121s1970 ag r ||||1| spa d | ||
| 245 | 0 | 0 |
_aModernización y desarrollo social / _cIntroducción y selección de Nilda Sito; [Traducción de Marta Rojzman, Marta Carlisky y Marcos Arocena]. |
| 260 |
_aBuenos Aires : _bNueva Visión, _c1970. |
||
| 300 |
_a201 p. : _b20 cm. |
||
| 700 | 1 |
_aSito, Nilda. _9106709 |
|
| 700 | 1 |
_aRojzman, Marta. _999117 |
|
| 700 | 1 |
_aCarlisky, Marta. _935283 |
|
| 700 | 1 |
_aArocena, Marcos. _923143 |
|
| 852 |
_aES-MaACL _jA-7822 _bR.96408 |
||
| 999 |
_c109778 _d109778 |
||